000 00539nam a2200193Ia 4500
005 20250326144928.0
008 250326s9999 xx 000 0 und d
020 _a0-04-339037-4
037 _aTextbook
040 _aFMSL
_beng
_cFMSL
041 _aeng
_2eng
084 _aX8(A).1 M7
_qFMSL
100 _aBallance R.h.
_9735118
245 0 _aInternationalInddustry and Business
_cBallance R.h.
260 _aLondon
_bLondon, Allen& Unwin
_c1987
300 _a357p
942 _cTB
_hX8(A).1 M7
999 _c1305667
_d1305667